000 01211nam a2200325 c 4500
999 _c60873
_d60873
003 BLK
005 20221205092939.0
008 180408b bul|||||r ||||||| ||bul||
010 _aKNG00065061000
040 _aBLK
041 _aBUL
_cBUL
080 _aВътрешни болести
_b616.1/.4
_x(075.8)
_z616.1/.4(075.8)
139 _aВътрешни болести
_bВ 98
245 1 0 _aВътрешни болести
_bУчебник за студенти по медицина : Т. 1 -
_cред. Атанас Малеев.
_nТ. 2
257 _aBGR
260 _bМедицина и физкултура
_c1980
_aСофия
300 _c25 см
380 _a61
500 _aОфс. изд.
650 4 _aВътрешни болести - учебници за ВУЗ
_9244372
653 _aвътрешни болести
653 _aучебници за ВУЗ
700 1 _aМалеев, Атанас
_eред.
_9363634
760 1 _d1980
_h539 с. : с ил., 12 л. : ил.
_nАвт. не са отбелязани на кор.
_tТ. 2
852 _aЦб 104280
856 4 _qpdf
_i0.00
_ldisable
856 4 _qpdf
_i0.00
_ldisable
942 _cKNG
_n0
_s1
944 _aCR
_c13.06.2004
_kЛюдмила_Стоянова
944 _aED
_c29.09.2009
999 _d60873